| 000 | 00664nam a22002171 4500 | ||
|---|---|---|---|
| 001 | bimo0001550110 | ||
| 003 | OSt | ||
| 005 | 20130608103001.0 | ||
| 008 | 000401s1966 sp spa | ||
| 017 |
_aM 14487-1966 _bOficina Depósito Legal Madrid |
||
| 035 | _a(OCoLC)432794458 | ||
| 040 |
_aSpMaBN _cBMC |
||
| 082 | _a918 | ||
| 100 |
_9585 _aVasconcelos, José _d1881-1959 |
||
| 245 | 1 | 3 |
_aLa raza cósmica _b : misión de la raza iberoamericana, Argentina y Brazil _cJosé Vasconcelos |
| 260 | 0 |
_aBuenos Aires _bEspasa-Calpe _c1943 |
|
| 300 |
_a210 p. _c18 cm |
||
| 490 | 0 |
_aAustral _v802 |
|
| 651 | 7 |
_aAmérica latina _xDescripción _2embne |
|
| 942 |
_2ddc _cBK |
||
| 999 |
_c503 _d503 |
||